00659nam a2200217 a 450000100060000000300080000600500170001400800390003103500190007003500190008904000270010804100080013508200220014310000240016524501170018926000370030630000270034350400300037050400200040060000210042019783BD-RjUL20211209000458.0140225s1966 enk b 001 1deng a(BD-RjUL)19844 a(OCoLC)1156110 aDLCcTOLdBD-RjULbeng aeng00a823.809bEWT 19661 aEwbank, Inga Stina.10aTheir proper sphere :ba study of the Brontèˆ sisters as early-Victorian female novelists /cInga-Stina Ewbank. aLondon :bEdward Arnold,cc1966. axvii, 222 p. ;c22 cm. aBibliography: p. 205-217. aIncludes index.30aBrontèˆ family.